Advanced accountancy (Record no. 84405)

MARC details
000 -LEADER
fixed length control field 00473nam a2200181Ia 4500
008 - FIXED-LENGTH DATA ELEMENTS--GENERAL INFORMATION
fixed length control field 230125s9999 xx 000 0 und d
041 ## - LANGUAGE CODE
Language code of text/sound track or separate title eng
082 ## - DEWEY DECIMAL CLASSIFICATION NUMBER
Classification number 657.046
Item number MAH
100 ## - MAIN ENTRY--PERSONAL NAME
Personal name Maheshwari S N
9 (RLIN) 107137
245 ## - TITLE STATEMENT
Title Advanced accountancy
Remainder of title Vol 1
250 ## - EDITION STATEMENT
Edition statement 7th Ed
260 ## - PUBLICATION, DISTRIBUTION, ETC. (IMPRINT)
Date of publication, distribution, etc. 1999
Name of publisher, distributor, etc. Vikas Publishing
Place of publication, distribution, etc. New Delhi
300 ## - PHYSICAL DESCRIPTION
Extent 1041p
500 ## - GENERAL NOTE
Keywords Advanced Accountancy
650 ## - SUBJECT ADDED ENTRY--TOPICAL TERM
Topical term or geographic name as entry element Accounting
9 (RLIN) 107138
700 ## - ADDED ENTRY--PERSONAL NAME
Personal name Maheshwari S N
9 (RLIN) 107137
Holdings
Withdrawn status Lost status Damaged status Not for loan Home library Current library Date acquired Vendor Cost, normal purchase price Full call number Barcode Date last seen Cost, replacement price Bill Date Koha item type Original Barcode
Withdrawn 2022-23       Smt. Hiraben Nanavati Institute of Management & Research for Women Smt. Hiraben Nanavati Institute of Management & Research for Women 28/10/1999 System sales 250.00 657.046 MAH B01926 HIMR-BK-1926 25/01/2023 250.00 28/10/1999 Books B01926